[Event "Hoogovens"]
[Site "Wijk aan Zee"]
[Date "1999.01.23"]
[Round "6"]
[White "Kramnik, Vladimir"]
[Black "Shirov, Alexei"]
[Result "1-0"]
[WhiteElo "2751"]
[BlackElo "2726"]
[Annotator "Krasenkow,M"]
[PlyCount "81"]
[EventDate "1999.01.16"]
[EventType "tourn"]
[EventRounds "13"]
[EventCountry "NED"]
[EventCategory "17"]
[SourceTitle "CBM 069"]
[Source "ChessBase"]
[SourceDate "1999.04.01"]
[SourceVersion "1"]
[SourceVersionDate "1999.04.01"]
[SourceQuality "1"]

1. Nf3 Nf6 2. c4 c5 3. Nc3 d5 4. cxd5 Nxd5 5. d4 Nxc3 6. bxc3 g6 7. e4 Bg7 8.
Bb5+ {It is not accidental that Kramnik has started to play this seemingly
harmless variation. He certainly has found a lot of new ideas in this line.}
Nc6 9. O-O cxd4 10. cxd4 O-O 11. Be3 Bg4 12. Bxc6 bxc6 13. Rc1 Bxf3 (13... Qd7
14. h3 Bxf3 15. Qxf3 Qe6 $5 (15... Rac8 16. Rc4 (16. Rc5 f5 (16... Rfd8 $1 {
-13...Rc8}) 17. exf5 Rxf5 18. Qg4 Rd8 19. Rc4 Ra5 20. Qe2 e5 21. dxe5 Bxe5 22.
Qc2 Qd3 23. Rxc6 Qxc2 24. Rxc2 $16 {1/2-1/2 Atalik,S-Van Mil,J/Budapest Cansys
1991 (33)}) 16... f5 17. exf5 Rxf5 18. Qe4 Ra5 19. Rfc1 (19. a4 Bf6 20. Rfc1
Kf7 21. Qf3 Kg7 22. Qf4 Rf5 23. Qe4 Ra5 24. Rb1 Rd8 25. Rcb4 Qd6 26. Qf3 Rd7 {
0-1 Gostisa,L-Kozul,Z/Vidmar-mem 1989 (41)}) 19... Rxa2 20. d5 $1 c5 21. Rxc5
Rxc5 22. Rxc5 Ra4 23. Qc2 Ra1+ 24. Kh2 Be5+ 25. f4 Qd6 26. Rc8+ Kg7 27. Qe4 Bf6
28. Rc6 Qd7 29. g4 $36 {1-0 Garcia Palermo,C-Ftacnik,L/Szirak 1986 (36)}) 16.
Rc2 Rfd8 17. e5 Rac8 18. Qe2 c5 19. dxc5 Bxe5 20. Rd1 Rxd1+ 21. Qxd1 h5 22. h4
Qc6 23. Rd2 Qe4 24. g3 Bxg3 25. Rd8+ Rxd8 26. Qxd8+ Kh7 27. Qf8 Bh2+ 28. Kxh2 {
1/2-1/2 Alburt,L-Romanishin,O/Taxco izt 1985}) (13... Rc8 14. Rc5 (14. e5 Be6 (
14... Qd5 $5) 15. Qa4 Bd5 16. Nd2 Qd7 17. f3 Rb8 18. Nb3 Qf5 19. Nc5 Rb2 20.
Rf2 Rxf2 21. Kxf2 f6 22. e6 {1-0 Bonin,J-Ashley,M/Manhattan It 1998 (35)})
14... Qd6 (14... Qd7 15. h3 Bxf3 16. Qxf3 Rfd8 17. e5 f6 18. Rfc1 Qe6 19. Qe2
fxe5 20. dxe5 Rd5 21. f4 Rxc5 22. Rxc5 g5 23. fxg5 Bxe5 24. Qc4 Kf7 25. Qc2 Ke8
26. Qxh7 Bd6 27. Rc3 Qe5 28. Qd3 Kd7 29. Bf2 {Izeta Txabarri,F-Chiburdanidze,M/
Bilbao 1987/0-1 (57)}) (14... Bxf3 15. Qxf3 Bxd4 16. Rd1 e5 17. Bxd4 exd4 18.
Qd3 Qe7 {1/2-1/2 Rajkovic,D-Chiburdanidze,M/Baden Baden op 1987}) 15. Qa4 Bxf3
16. gxf3 Qe6 17. Kg2 f5 18. Qc4 Qxc4 19. Rxc4 f4 20. Bd2 Rb8 21. Bc3 Rfc8 22.
Rc1 Kf7 23. h4 Bf6 24. Kh3 Ke8 25. e5 Bg7 26. Bd2 Rb2 27. R1c2 Rxc2 28. Rxc2 {
Ristic,N-Sokolov,I/Vrnjacka Banja 1990/1/2-1/2 (38)}) (13... Qd6 14. Qa4 Bxf3
15. gxf3 Rfc8 16. Rc5 e5 17. d5 cxd5 18. Rxd5 Qf6 19. Kg2 Qh4 20. Rb1 Bh6 21.
Bxh6 Qxh6 22. Rxe5 Qf4 23. Qd4 $14 {Krivoshey,S-Tseitlin,M/EUCup Vilnius 1995/
1-0 (52)}) 14. Qxf3 Bxd4 15. Rfd1 c5 (15... e5 16. Rxc6 Qe8 17. Rdc1 $14 (17.
Rd6 Bxe3 18. Qxe3 Qa4 19. h4 Qxa2 20. h5 Rab8 21. Qg5 Rb1 22. Qxe5 Rxd1+ 23.
Rxd1 Qe2 24. Ra1 Qxh5 25. Qxh5 gxh5 {1/2-1/2 Kapetanovic,A-Marinkovic,S/
Belgrade 1991}) (17. Qf6 Bxe3 18. fxe3 Rc8 19. Rxc8 Qxc8 20. Qxe5 Qc2 21. Qd5
Qe2 22. Qb3 Qg4 23. Rd4 Rc8 24. Qb2 Qe6 25. Qd2 Qb6 {Lugovoi,A-Smikovski,I/St.
Petersburg Chigorin 1995/1/2-1/2 (48)}) 17... Bxe3 18. Qxe3 Qd7 19. h4 Rfd8 20.
h5 Qg4 21. h6 Rd1+ 22. Rxd1 Qxd1+ 23. Kh2 Qg4 24. g3 Qd7 25. Qc5 Re8 26. Rc7
Qd2 {1/2-1/2 Kalinitschew,S-Holzke,F/Porz 1992 (35)}) 16. Rxc5 Bxe3 17. Rxd8
Bxc5 18. Rxa8 Rxa8 {This endgame was considered rather drawn; however, Kramnik
has a different opinion on this subject! After the present game it seems that
Black should look for another way of defence in this line.} 19. Qc3 Rc8 {
[%cal Yc8c7,Yc5b6]} (19... Rd8 $5 20. Kf1 Bd4 $6 (20... Bb6 $5 $14) 21. Qc7 Bb6
22. Qxe7 Rd2 23. Qe8+ Kg7 24. Qe5+ Kg8 25. f4 $1 Rf2+ 26. Ke1 Rxg2 27. f5 $40 {
1/2-1/2 Ftacnik,L-Ivanchuk,V/Erevan olm 1996 (42)}) 20. Kf1 Rc7 21. a4 {
This may be a future queen! Besides, it is important to push the black bishop
from its comfortable b6 square.} Bb6 22. Qe5 Rc2 23. a5 Bc5 24. f4 e6 25. g4 {
Black has two weak points: his king and his a7 pawn protected only by a
"hanging" bishop. Therefore his defence is very hard.} Rc4 26. Qc7 h6 27. f5
gxf5 28. gxf5 exf5 29. exf5 f6 30. Qg3+ Kf8 31. Qg6 Bd4 32. Qxh6+ Ke7 33. Qf4
Kd7 34. h4 Ra4 35. Qe4 Kd6 36. h5 Ra1+ 37. Ke2 Be5 38. Qb4+ Kd5 39. Qb7+ Kc4
40. h6 Ra2+ 41. Kf3 1-0

[Event "Hoogovens"]
[Site "Wijk aan Zee"]
[Date "1999.01.29"]
[Round "11"]
[White "Svidler, Peter"]
[Black "Kramnik, Vladimir"]
[Result "1/2-1/2"]
[WhiteElo "2713"]
[BlackElo "2751"]
[Annotator "Rogozenco,D"]
[PlyCount "53"]
[EventDate "1999.01.16"]
[EventType "tourn"]
[EventRounds "13"]
[EventCountry "NED"]
[EventCategory "17"]
[SourceTitle "CBM 069"]
[Source "ChessBase"]
[SourceDate "1999.04.01"]
[SourceVersion "1"]
[SourceVersionDate "1999.04.01"]
[SourceQuality "1"]

1. e4 c5 2. Nf3 Nc6 3. d4 cxd4 4. Nxd4 Nf6 5. Nc3 e5 6. Ndb5 d6 7. Bg5 a6 8.
Na3 b5 9. Bxf6 gxf6 10. Nd5 f5 11. c3 Bg7 12. exf5 Bxf5 13. Nc2 O-O 14. Nce3
Be6 15. Bd3 f5 16. O-O Ra7 17. a4 {A relatively new idea. It seems that after
the "old" move 17.Qh5 Black has good attacking prospects.} (17. Qh5 Raf7 18. g4
(18. f4 Ne7 19. Nxe7+ Qxe7 20. Kh1 e4 21. Bc2 b4 22. g4 bxc3 23. bxc3 Kh8 24.
gxf5 Bxf5 25. Rab1 Qa7 26. Nxf5 Rxf5 27. Qe2 Rxf4 28. Rxf4 Rxf4 29. Bxe4 Qe7
30. Bf3 {1/2-1/2 Asrian,K-Rogozenko,D/Elista 1998/CBM 66 ext (30)}) 18... e4
19. Bc2 Ne5 20. Nf4 Bd7 21. Bb3 fxg4 22. Ne6 Bxe6 23. Bxe6 Qf6 24. Bxf7+ Rxf7
25. h3 Qe6 26. hxg4 Rf6 27. Kg2 Nd3 28. Qh4 Nf4+ 29. Kg1 h5 30. g5 Nh3+ 31. Kh1
Rf3 32. Qxh5 Nxf2+ 33. Kg2 Rh3 34. Qe2 Qe5 35. Rg1 Rh2+ 36. Kf1 Nh3 37. Qg4
Nxg1 38. Kxg1 Rxb2 $19 {0-1 Svidler,P-Kasparov,G/ICC m1 1998/CBM 64 ext (50)})
17... Ne7 (17... bxa4 18. Rxa4 a5 $14) (17... b4 $6 18. Qh5 (18. cxb4 $5) 18...
e4 19. Nf4 Bf7 20. Bc4 $14 {Golubev - Nechaev, Donetzk (zt.) 98}) 18. Nxe7+
Rxe7 (18... Qxe7 19. axb5 axb5 20. Rxa7 Qxa7 21. Bxb5 Qc5 22. Ba4 $16) 19. axb5
axb5 20. Bxb5 d5 21. Nc2 $6 {After this move Black is OK.} (21. Ra6 $1 {
White should´ve tried this. In my opinion Black still has to prove the
equality.} f4 $140 22. Rxe6 Rxe6 23. Qxd5 Qxd5 24. Nxd5 {/\25.Bc4.} Kh8 25. f3
{and White has better chances.}) 21... Rb7 22. Bc6 (22. Na3 $6 Qc7 $5 $44 {
/\ 23. ... Rfb8.}) 22... Rxb2 23. Ra8 Qd6 24. Ra6 Qc5 25. Nb4 Qxc3 (25... Rd8
$5 26. Nd3 Qc4 27. Ra4 Qxc6 28. Nxb2 Qxc3 $13) 26. Bxd5 Qxb4 27. Bxe6+ 1/2-1/2

[Event "Hoogovens"]
[Site "Wijk aan Zee"]
[Date "1999.01.31"]
[Round "13"]
[White "Kramnik, Vladimir"]
[Black "Kasparov, Garry"]
[Result "1/2-1/2"]
[WhiteElo "2751"]
[BlackElo "2812"]
[Annotator "Lutz,C"]
[PlyCount "55"]
[EventDate "1999.01.16"]
[EventType "tourn"]
[EventRounds "13"]
[EventCountry "NED"]
[EventCategory "17"]
[SourceTitle "CBM 069"]
[Source "ChessBase"]
[SourceDate "1999.04.01"]
[SourceVersion "1"]
[SourceVersionDate "1999.04.01"]
[SourceQuality "1"]

1. Nf3 d5 2. d4 Nf6 3. c4 c6 4. Nc3 e6 5. e3 Nbd7 6. Bd3 dxc4 7. Bxc4 b5 8. Bd3
a6 9. e4 c5 10. e5 cxd4 11. Nxb5 Nxe5 (11... axb5 12. exf6 gxf6 {wurde in den
letzten Jahren häufiger angewandt, aber nach} 13. O-O Qb6 14. Qe2 Ba6 15. Rd1
$1 {(Gelfand-Shirov, Linares 1997) hat Schwarz doch einige Probleme. Darum
wählt Kasparov die alte Hauptvariante.}) 12. Nxe5 axb5 13. Bxb5+ (13. O-O Qd5 {
ist die andere wichtige Variante.}) 13... Bd7 14. Nxd7 Qa5+ 15. Bd2 Qxb5 16.
Nxf8 Rxf8 {Dieser Zug wurde u.a. von Kasparovs heutigem Sekundanten, Yuri
Dokhoian, gespielt. Gegenüber der Alternative 16...Kxf8 kann der weiße Läufer
kein Schach auf b4 geben. Eventuell kann Schwarz auch ...Kd7 nebst ...Rfc8 (...
Rfb8) spielen.} (16... Kxf8 17. a4 Qxb2 $13 (17... Qd3 $2 18. Bb4+)) 17. a4 (
17. b3 Kd7 $5) 17... Qc4 {Die schwarze Dame verhindert die weiße Rochade.} 18.
b3 Qd3 19. Qf3 (19. Qe2 Qxb3 $13 {Ibragimov,I-Lukacs,P (Budapest 1992)}) 19...
Qe4+ $1 (19... Qxf3 20. gxf3 $14 {gemäß Todorovic. Der doppelte f-Bauer
kontrolliert wichtige Felder, besonders das Feld e4.}) 20. Qxe4 Nxe4 21. b4 (
21. Bb4 Rg8 22. Ke2 Kd7 $11 {Sokolov,I-Todorovic,GM (Vrnjacka Banja 1990)})
21... Ke7 22. f3 Nc3 $11 23. Bxc3 dxc3 24. Ke2 Rfd8 25. Rhd1 c2 26. Rdc1 $146 (
26. Rxd8 Rxa4 27. Rc8 Rxa1 28. Rxc2 Rb1 {1/2-1/2 Tkachiev,V-Morovic Fernandez,
I/Porec 1998/EXT 99 (28)}) 26... Rd4 27. Rxc2 Rxb4 28. a5 1/2-1/2

[Event "Linares 16th"]
[Site "Linares"]
[Date "1999.02.27"]
[Round "6"]
[White "Kramnik, Vladimir"]
[Black "Adams, Michael"]
[Result "1-0"]
[WhiteElo "2751"]
[BlackElo "2716"]
[Annotator "Golod,V"]
[PlyCount "75"]
[EventDate "1999.02.21"]
[EventType "tourn"]
[EventRounds "14"]
[EventCountry "ESP"]
[EventCategory "20"]
[SourceTitle "CBM 070"]
[Source "ChessBase"]
[SourceDate "1999.06.08"]
[SourceVersion "1"]
[SourceVersionDate "1999.06.08"]
[SourceQuality "1"]

1. d4 Nf6 2. c4 e6 3. Nc3 Bb4 4. Qc2 O-O 5. a3 Bxc3+ 6. Qxc3 b6 7. Bg5 Bb7 8.
f3 h6 9. Bh4 d5 10. e3 Nbd7 11. cxd5 $5 {Besides,white has two options:} (11.
Nh3) ({and} 11. Bd3) 11... Nxd5 12. Bxd8 Nxc3 13. Bh4 $5 ({There are three
alternatives:} 13. Be7 $6) (13. Bxc7 $5) (13. bxc3 $6) 13... Nd5 14. Bf2 c5 {
Is the main line.} ({In my opinion slightly better is:} 14... f5 $5 {
/\e5-e4-see comments Gelfand,B-Tiviakov,S/Elista 1998/CBM 65(1/2-1/2)(Golod,V)
(23)}) 15. Bb5 $5 ({Slightly worse is:} 15. e4 {-see comments to Teplitsky,
Y-Gershon,A/Bermuda,1999/CBM 69(1/2-1/2)(Golod,V)(27)}) 15... N5f6 $6 {Besides
black has a two equal options:} (15... Rfd8 $5 16. e4 $5 (16. Ne2 $143 cxd4 17.
Nxd4 Nc5 18. O-O Nc7 19. Bc4 e5 20. Nf5 Ba6 21. Bxa6 N7xa6 $11 22. Ne7+ Kf8 23.
Nc6 Re8 24. b4 Re6 25. bxc5 Rxc6 26. cxb6 axb6 27. e4 Nc5 28. Rfc1 Rac8 {
1/2-1/2 Topalov,V-Kramnik,V/Monte Carlo 1998/CBM 63 ext (28)}) 16... Ne7 17.
Ne2 cxd4 $1 (17... Bc6 $6 18. Ba6 b5 19. a4 bxa4 20. dxc5 Ne5 21. Nd4 $14 {
1-0 Kasparov,G-Kramnik,V/Moscow RUS 1998 (61)}) 18. Nxd4 a6 19. Be2 Nc5 20. b4
Na4 21. O-O e5 22. Nb3 Nc3 23. Rfe1 Nxe2+ 24. Rxe2 Rd6 25. Rd2 {1/2-1/2 Anand,
V-Karpov,A/Monte Carlo MNC 1999 (25)}) ({and} 15... Rad8 $5 16. Ne2 cxd4 17.
Nxd4 a6 (17... e5 $5 18. Nc6 (18. Nf5 $5) 18... Bxc6 19. Bxc6 Nc5 20. Rd1 (20.
Ke2 $5) 20... Ne7 21. Bb5 Rxd1+ 22. Kxd1 Rc8 23. Re1 a6 24. Bf1 b5 $11 {
1/2-1/2 Jelen,I-Podlesnik,B/Krsko 1997/CBM 61 ext (45)}) 18. Be2 Nc5 19. O-O
Na4 20. Rab1 Rc8 21. Rfd1 Rfd8 22. Rd2 Ne7 $6 (22... b5 $5 {Finkel,A} 23. Rbd1
Ndb6 24. Bh4 g5 25. Bg3 Nc4 26. Bxc4 bxc4 $132) 23. Rbd1 $14 {Jelen,I-Farago,I/
Ljubljana,1997/CBM58 (1-0)(Finkel)(61)}) 16. Ne2 a6 17. Ba4 cxd4 $146 {[%mdl 8]
} (17... b5 $5 {-was checked in the previous game.} 18. Bc2 cxd4 19. Nxd4 Rac8
20. O-O-O g6 21. e4 Rc7 22. Kb1 Rfc8 23. Rc1 $14 {Ljubojevic,L-Kramnik,V/
Amber-rapid6th 1997/(0-1)(63)}) 18. Nxd4 Nc5 $6 {/\e5} ({Can be recommended:} 
18... Rac8 $5 {with the idea 19...Rfd8 and after this 20...Nc5}) 19. Bc2 $14 e5
$6 (19... Rac8 $142) 20. Nf5 Rfd8 ({After:} 20... e4 {strongly:} 21. b4 $1 Ne6
(21... Nd3+ $143 22. Bxd3 exd3 23. Kd2 {[%csl Rd3]}) 22. Nd6 Bc6 23. fxe4 $5
$14) (20... Rad8 21. Bh4 $36) (20... Ne6 $5 21. e4 b5 $14) 21. Bh4 $1 {[%csl
Rf6,Yg7,Gh4][%cal Gf5h6,Yg7h6,Yg7f6,Gh4f6]} Nd3+ $2 (21... Ncd7 $142) 22. Ke2
$1 $16 {This move better than:} (22. Bxd3 Rxd3 23. Bxf6 (23. Nxh6+ gxh6 $1 24.
Bxf6 Rxe3+ 25. Kf2 Rd3 26. Rad1 (26. Bxe5 $143 Rd2+ 27. Kg3 Kh7 $44) 26... Rxd1
27. Rxd1 e4 $14) 23... gxf6 24. Nxh6+ Kf8 $44) 22... Nxb2 $6 ({Slightly better
is:} 22... e4 $5 23. Bxf6 gxf6 24. Nxh6+ Kf8 25. Bxd3 Rxd3 (25... exd3+ $143
26. Kd2 $18) 26. Rad1 Rb3 (26... Rad8 27. Rxd3 Rxd3 28. Rc1 $16) 27. Rd2 Re8 (
27... exf3+ $143 28. gxf3 Re8 29. e4 $16) 28. f4 Bc8 29. h3 $16) 23. Rhb1 $1
Nc4 $140 24. Bd3 {[%csl Rb6,Rb7,Rc4]} Nd6 ({Loses right away:} 24... Rxd3 25.
Kxd3 b5 26. Bxf6 gxf6 27. Ke2 $5 {/\a4+-} (27. a4 $143 Rd8+ 28. Kc3 Bc8 $1 $16)
) 25. Nxh6+ Kf8 ({Badly:} 25... gxh6 26. Bxf6 $18 {[%csl Rb6,Rd8,Re5]}) 26.
Bxf6 gxf6 27. Rxb6 Bc8 (27... Rab8 $6 {is refuted by:} 28. Rab1 Nb5 $140 29.
Bxb5 $1 Bxf3+ (29... axb5 $143 30. Ke1 $5 $18 {[%csl Rb5,Rb8]} (30. Rxf6 $143
Bd5 $16)) 30. gxf3 Rxb6 31. Bd3 {+/-/+-}) 28. Rc1 {[%csl Rd6,Rf6][%cal Gc1c6]}
Be6 29. Rcc6 Ke7 30. e4 $5 {(><d5,f5)and weakness- pawn chain of black in the
king side.} (30. Rxa6 $143 Rxa6 (30... f5 $4 31. Rxd6 $1 $18 {[%csl Ga6,Ra8,
Yd6][%cal Ya6d6,Ga6a8]}) 31. Rxa6 Rh8 (31... f5 $5) 32. Ra7+ Kd8 33. Nf5 $1 Nc8
(33... Nxf5 $4 34. Ra8+ Bc8 35. Bxf5 $18) (33... Bxf5 $4 34. Bxf5 $18 {[%csl
Rd6,Rh8][%cal Ga7d7,Ga7a8]}) 34. Rb7 Rxh2 35. Kf2 Rh1 $16) 30... Nb5 (30... a5
$5) 31. Ke3 $1 Nxa3 $140 32. Nf5+ Kf8 (32... Bxf5 33. exf5 Nb5 34. Rb7+ $18)
33. Bxa6 $18 {[%csl Ra3]} Rd1 34. Be2 Ra1 (34... Rh1 $5) 35. Rb2 Rd8 (35...
Bxf5 36. exf5 Rh1 37. Rb7 (37. h3 $5) 37... Rxh2 38. Rxf6 Rh7 39. Rc6 $18) 36.
h4 {[%csl Ra3,Gg2,Gh4][%cal Gh4h5,Gg2g4]} Nb1 37. Kf2 Nd2 $2 {The latter fault}
({Also badly:} 37... Bxf5 38. exf5 $18 {[%csl Rb1,Rf6][%cal Gc6c1,Gc6f6]}) (
37... Na3 $142 $18) 38. Rd6 $1 {[%csl Rd2,Rf8]} (38. Rd6 $1 Rxd6 $140 39. Rb8+
Rd8 40. Rxd8#) 1-0

[Event "Linares 16th"]
[Site "Linares"]
[Date "1999.03.03"]
[Round "9"]
[White "Kramnik, Vladimir"]
[Black "Svidler, Peter"]
[Result "1-0"]
[WhiteElo "2751"]
[BlackElo "2713"]
[Annotator "Krasenkow,M"]
[PlyCount "65"]
[EventDate "1999.02.21"]
[EventType "tourn"]
[EventRounds "14"]
[EventCountry "ESP"]
[EventCategory "20"]
[SourceTitle "CBM 070"]
[Source "ChessBase"]
[SourceDate "1999.06.08"]
[SourceVersion "1"]
[SourceVersionDate "1999.06.08"]
[SourceQuality "1"]

1. d4 {Ftacnik} Nf6 2. c4 g6 3. Nc3 d5 4. cxd5 Nxd5 5. e4 Nxc3 6. bxc3 Bg7 7.
Nf3 c5 8. Rb1 O-O 9. Be2 cxd4 10. cxd4 Qa5+ 11. Bd2 Qxa2 12. O-O Bg4 13. Be3
Nc6 14. d5 Na5 15. Bg5 {An attempt to make use of the pawn position on h7} Bxf3
$6 {This novelty had been probably refuted by Kramnik at home!} (15... Qa3 16.
Bd2 Bc3 17. Bc1 Qd6 18. e5 Qd7 19. Bd2 Rfc8 (19... Bxf3 20. Bxf3 Bxd2 21. Qxd2
Nc4 22. Qe2 b5 23. e6 Qd6 24. exf7+ Kg7 25. Rxb5 Ne5 26. Be4 Rxf7 27. Ra5 Rf6
28. g3 a6 29. Bg2 Raf8 30. Kh1 h5 31. Ra4 Ng4 32. f4 e5 33. dxe6 {1/2-1/2
Kramnik,V-Ivanchuk,V/Amber Rapid, Monte Carlo MON 1998}) 20. Bxc3 Rxc3 21. Qd4
Bxf3 22. Bxf3 Rac8 (22... Rc4 23. Qe3 b6 24. e6 Qd6 25. exf7+ Kg7 26. Rfe1 Rf8
27. Qxe7 Qxe7 28. Rxe7 Rxf7 {1/2-1/2 Kramnik,V-Shirov,A/8th Amber Blindfold
1999 (42)}) 23. Qxa7 Rxf3 24. gxf3 Qxd5 25. f4 Nc6 26. Qxb7 Rb8 27. Qc7 Rxb1
28. Rxb1 Nd4 $44 {1/2-1/2 Van Wely,L-Shirov,A/Hoogovens 1999 (42)}) 16. Bxf3
Rfe8 17. e5 $3 {A typical pawn sacrifice in this type of positions. The black
e5 bishop is vulnerable to tactical threats and the e7 pawn - to frontal
attack. '!' Ftacnik.} Nc4 {The rejection of the sacrifice looks like a
positional capitulation but can it be taken? '?' Ftacnik. Ftacnik: 'Black is
letting the great defensive tactical chance to slip away and thus lands in
difficult position. '} (17... Bxe5 18. Re1 (18. d6 {Ftacnik} Bxd6 (18... exd6
19. Bd5 Qa3 20. Bd2 Nc6 (20... Bc3 $2 21. Qf3 $18) 21. Rxb7 $16) 19. Ra1 (19.
Bd5 Qa3 $17) 19... Qc4 20. Rxa5 Bxh2+ 21. Kh1 $13 (21. Kxh2 Qc7+ $19)) 18...
Nc4 (18... Bd6 $2 19. Ra1) (18... f6 $2 19. d6 (19. Rxe5 fxe5 20. Ra1 Qb3 21.
Rxa5 Qxd1+ 22. Bxd1 $13) 19... Kh8 20. d7 Red8 21. Rxe5 fxe5 22. Bxe7 Rxd7 23.
Bf6+ Rg7 24. Bxg7+ Kxg7 25. Ra1 $18) (18... Bc3 19. Rxe7 $16 {[%csl Gd5]} (19.
Rxe7 Bd4 20. d6 $13)) 19. Rxb7 {[%csl Re7]} f6 20. d6 $1 e6 21. Rxe5 $1 Nxe5
22. Bxf6 $16) 18. d6 Nxe5 19. Bd5 $1 (19. Bxb7 Rab8 20. Bxe7 Bf8 {was not so
strong. It is essential for White to lure the Black queen to a3.}) 19... Qa3 (
19... Qa5 20. Bxe7 Bf8 21. Rxb7) 20. Bxe7 Bf8 21. Bxb7 Bxe7 (21... Rab8 22. d7
{- that's the point!}) 22. Bxa8 Bxd6 23. Bd5 {Ftacnik: 'White has won an
exchange and the opposite colour bishops can help him to realize the advantage.
'} Re7 24. Kh1 {In this open position the White rook is much stronger than the
black knight but this advantage is not easy to convert. White prepares
f2-f4-f5. '!' Ftacnik.} h5 25. h3 Kg7 26. Qd2 Bc7 27. Rbd1 {Ftacnik: 'Kramnik
has met all the preparations for the decisive push of the f pawn.'} Nd7 $2 {
This allows a deadly blow leading to a favourable endgame for White.} (27...
Ba5) (27... Ba5 {Ftacnik} 28. Qg5 $16) (27... Qd6 {Ftacnik} 28. f4 Nd7 29. Qc3+
Nf6 30. Bxf7 $18) 28. Bxf7 $1 Rxf7 29. Qxd7 Rxd7 30. Rxd7+ Kh6 31. Rxc7 {
Two rooks are stronger than a queen especially as the black king is unsafe.}
Qd3 {This leads to a quick loss of the a-pawn.} (31... a5 $142) 32. Kg1 Qd4 $2
33. Rc2 {34.Ra2 or 34.Ra1 is inevitable. Ftacnik: 'Black has resigned, since
he will lose the a pawn and then he stands no chance against two rooks turning
their attention to the pawns on the kingside.'} 1-0